000 00249nam a2200109 a 4500
008 101216s1999|||| d
245 1 0 _a30 dní pro občanský sektor
260 _bICN
_aPraha
_c1999
044 _axo
_cSK
041 _aslo
020 _c10
999 _c15284
_d15284